000 00629nam a2200241Ia 4500
003 OSt
005 20220924122435.0
006 a|||||r|||| 00| 0
007 ta
008 220923b |||||||| |||| 00| 0 urd d
024 _a316119
037 _cTextual
040 _aARTS
_cARTS
_burd
041 _2urd
_aurd
082 _aO168,1N28:g, M7
100 _aJhabib Jhalib
_9189528
245 0 _aHarf-e-sare-dar
260 _aLahore
_bVanguard Pakistan
_c1987
300 _a409p
_ccm.
650 _aURDU POETRY
942 _hO168,1N28:g, M7
_cTEXL
_2CC
999 _c411658
_d411658